| 000 | 00536nam a2200217Ia 4500 | ||
|---|---|---|---|
| 005 | 20260429112128.0 | ||
| 008 | 260429s9999||||xx |||||||||||||| ||und|| | ||
| 020 | _a8171699243 | ||
| 041 | _aEnglish | ||
| 082 |
_a297 _bKHA |
||
| 100 | _aKhan, Masood Ali | ||
| 245 | 0 |
_aIslam birth and origin / _cMasood Ali Khan |
|
| 250 | _a1st ed. | ||
| 260 |
_aNew Delhi : _bCommonwealth, _c2024. |
||
| 300 | _avi, 332 p.; hb | ||
| 650 | _a Birth | ||
| 650 | _a Origin | ||
| 650 | _aIslam | ||
| 700 | _a Iqbal, Shaikh Azhar | ||
| 942 | _cTB | ||
| 999 |
_c52498 _d52498 |
||